FC Bayern München Kader Saison 2015/2016 - Statistiken

Allgemein
  • Dieses Quiz wurde 69 mal gespielt
  • Das Durchschnittsergebnis liegt bei 21 aus 29
Antwortstatistiken
Nummer Nation Spieler % Korrekt
10 Niederlande Arjen Robben
100%
7 Frankreich Franck Ribéry
98%
1 Deutschland Manuel Neuer
98%
9 Polen Robert Lewandowski
98%
23 Chile Arturo Vidal
97%
26 Deutschland Sven Ulreich
95%
25 Deutschland Thomas Müller
95%
27 Österreich David Alaba
94%
17 Deutschland Jérome Boateng
94%
21 Deutschland Philipp Lahm
92%
29 Frankreich Kingsley Coman
90%
11 Brasilien Douglas Costa
89%
8 Spanien Javi Martinez
89%
6 Spanien Thiago
82%
32 Deutschland Joshua Kimmich
81%
18 Spanien Juan Bernat
74%
13 Brasilien Rafinha
73%
14 Spanien Xabi Alonso
73%
22 Deutschland Tom Starke
71%
5 Marokko Medhi Benatia
69%
19 Deutschland Mario Götze
68%
28 Deutschland Holger Badstuber
63%
37 USA Julian Green
56%
20 Deutschland Sebastian Rode
39%
4 Deutschland Serdar Tasci
31%
41 Serbien Milos Pantovic
26%
16 Deutschland Gianluca Gaudino
24%
33 Österreich Ivan Lucic
16%
40 Serbien Fabian Benko
13%
Keine übereinstimmenden Quizze gefunden
Verteilung der Resultate
Anzahl Personen mit jedem Resultat
Perzentil nach korrekt beantworteten Fragen
Ihre Resultats-Entwicklung
Sie haben dieses Quiz noch nicht gespielt